| 000 | 00641nam a2200193 a 4500 | ||
|---|---|---|---|
| 001 | 000010729 | ||
| 005 | 20251020133340.0 | ||
| 040 |
_aDO-SdBNP _bspa _cBNPHU |
||
| 082 |
_a616.12075 _bB333e |
||
| 100 | 1 |
_aBatista del Villar, Guarocuya _920408 |
|
| 245 | 1 | 0 |
_aElectrocardiografía clínica : _bintroducción a su lenguaje / _cGuarocuya Batista del Villar. |
| 260 |
_aSanto Domingo : _bAlfa y Omega, _c1978. |
||
| 300 |
_a218 p. : _bil. ; _c28 cm. |
||
| 504 | _aBibliografía : p. 211-218 | ||
| 590 | _aInventariado, 2018/LP | ||
| 650 | 4 |
_aElectrocardiografía _93560 |
|
| 650 | 0 |
_aCardiología _93561 |
|
| 910 | _aValidado. Control de calidad MFF | ||
| 999 |
_c10484 _d10484 |
||